<?xml version="1.0" encoding="UTF-8"?>
<collection xmlns="http://www.loc.gov/MARC21/slim">
  <record>
    <leader>00000nam  2200000   4500</leader>
    <controlfield tag="001">INLIS000000000000454</controlfield>
    <controlfield tag="005">20180724135023</controlfield>
    <controlfield tag="008">180724|||||||||   |   |||   |||| ||   | </controlfield>
    <datafield tag="035" ind1=" " ind2=" ">
      <subfield code="0">010-0718000454</subfield>
    </datafield>
    <datafield tag="041" ind1=" " ind2=" ">
      <subfield code="a">id</subfield>
    </datafield>
    <datafield tag="082" ind1=" " ind2=" ">
      <subfield code="a">025</subfield>
    </datafield>
    <datafield tag="090" ind1=" " ind2=" ">
      <subfield code="a">R 025 PIM I 2013</subfield>
    </datafield>
    <datafield tag="100" ind1=" " ind2=" ">
      <subfield code="a">Raso,M.Y</subfield>
    </datafield>
    <datafield tag="245" ind1=" " ind2=" ">
      <subfield code="a">Percepatan  Proses Pelayanan  Kenaikan Pangkat, Pemberhentian  Dan  Pensiun PNS Golongan IV/C Ke Atas Di Sekretariat  Kabinet RI</subfield>
    </datafield>
    <datafield tag="260" ind1=" " ind2=" ">
      <subfield code="a">Jakarta</subfield>
      <subfield code="b">Lembaga Administrasi Negara</subfield>
      <subfield code="c">2013</subfield>
    </datafield>
    <datafield tag="300" ind1=" " ind2=" ">
      <subfield code="a">23 hlm.;30 cm</subfield>
    </datafield>
    <datafield tag="500" ind1=" " ind2=" ">
      <subfield code="a">Pelayanan proses kenaikan pangkat dan pension PNS golongan IV/c  keatas berbasis IT sudah efektif, tetapi prosesnya masih relative lama. Jadi, perlu ada terobosan untuk percepatan yaitu dengan penyampaian soft copy pertek dan penyambungan system IT Setkab dan BKN. Untuk penggunaan soft copy untuk percepatan proses sudah dilakukan koordinasi untuk mengkaji format format data yang akan disamakan antara format data yang ada di pertimbangan tekhnis BKN dengan format SK yang akan diterbitkan si Setkab.</subfield>
    </datafield>
    <datafield tag="650" ind1=" " ind2=" ">
      <subfield code="a">Pelayanan Kenaikan Pangkat -- Proyek Perubahan PIM1</subfield>
    </datafield>
  </record>
</collection>
